000 00843nam a2200217Ii 4500
003 JO-AjNU
008 230605s9999||||xx |||||||||||||| ||und||
020 _a9960-664-16-3
040 _aJO-AjNU
_bara
_erda
_cJO-AjNU
041 _aara
050 1 4 _aBF432.R875.2000
100 3 _aالروسان،فاروق,
_eauthor
_922874
245 0 0 _aالذكاء والسلوك التكيفي:الذكاء الاجتماعي
250 _aط1
264 3 1 _aالرياض:دار الزهراء للنشر والتوزيع،2000
300 _a416ص
_bالملحق رقم 1 من ص 293-ص354 ، الملحق رقم 2 من ص 355-ص416
336 _atext
_btxt
_2rdacontent
337 _aunmediated
_bn
_2rdamedia
338 _avolume
_bnc
_2rdacarrier
650 4 _aالتربية الخاصة-التخلف العقلي-رعاية المعوقون
_922875
999 _aA8189
_c11757
_d11757